00784nam a2200205 i 4500001000700000003000900007005001700016007000300033008004100036020002100077100003900098245010400137260003200241300002900273700005100302700005200353852003200405999001900437952012200456101624ES-MaACL20250811145627.0t|051021s1970 sp ||||1| spa d a821.134.2-14"19"1 aMedina, Vicente,d1866-193797971810aAires murcianos / cVicente Medina ; prólogo de José Ballester ; dibujos de Muñoz Barberán. aMurcia : bAthenas, c1970. a83 p. : bil. ; c20 cm.1 aMuñoz Barberán, Manuel, d1921-20079843581 aBallester Nicolás, José, d1892-1978925019 aES-MaACLjC-49061 bR.74999 c101624d101624 00104070aATENEOMbATENEOMcDEPO2d2008-01-17eSCl0oC-49061p1106096r2023-02-23 00:00:00w2023-02-23yMONOGRAFIA